Eye the international review of graphic design.
| Formato: | Electrónico Revista |
|---|---|
| Lenguaje: | inglés francés alemán |
| Publicado: |
London, England :
Wordsearch, Ltd.
|
| Materias: | |
| Acceso en línea: | Full text available from Research Library: 12/01/2008 to 01/31/2016 |
MARC
| LEADER | 00000nas a2200000 a 4500 | ||
|---|---|---|---|
| 001 | ssj0006167 | ||
| 003 | WaSeSS | ||
| 005 | 20200512172242.0 | ||
| 006 | m d | ||
| 007 | cr n | ||
| 008 | 911003c19909999enkqr p s 0 a0eng c | ||
| 010 | |a sn 91002505 | ||
| 022 | |l 0960-779X |y 0960-779X | ||
| 032 | |a 007101 |b USPS | ||
| 035 | |a (WaSeSS)ssj0006167 | ||
| 037 | |b Emap Business Communications, Ltd., 151 Rosebery Ave., London EC1R 4QX | ||
| 040 | |a NSD |b eng |c NSD |d NST |d EYM |d IUL |d WAU |d CLU |d EQO |d EEM |d NLGGC |d LVB |d OCLCQ |d WAU |d IUL |d OCLCF |d OCLCO |d AVA |d GUA |d AU@ |d OCLCQ |d WaSeSS | ||
| 041 | 0 | |a eng |a fre |a ger | |
| 042 | |a pcc | ||
| 050 | 1 | 4 | |a NC1 |b .E94 |
| 082 | 0 | 4 | |a 741.6 |2 20 |
| 130 | 0 | |a Eye (London, England : 1990) | |
| 210 | 1 | |a Eye |b (Lond. 1990) | |
| 222 | 0 | |a Eye |b (London. 1990) | |
| 245 | 1 | 0 | |a Eye |h [electronic resource] : |b the international review of graphic design. |
| 260 | |a London, England : |b Wordsearch, Ltd. | ||
| 310 | |a Quarterly | ||
| 362 | 1 | |a Began in 1990. | |
| 500 | |a Published: London : Emap Construct, <summer 1996->; Croydon : Quantum Business Media, <summer 2002->; London : Eye Magazine Limited, <spring 2018-> | ||
| 506 | |a License restrictions may limit access. | ||
| 515 | |a Issues bear also vol. numbering, with 4 issues to a vol. | ||
| 515 | |a Vol. 24, no. 96 ([spring 2018]) is also called Magazine special issue part one. | ||
| 546 | |a English, French and German, 1990-; English only, <1992-> | ||
| 588 | 0 | |a No. 3 (spring 1991); title from cover. | |
| 588 | 1 | |a Vol. 24, no. 96 ([spring 2018]). | |
| 650 | 0 | |a Graphic arts |v Periodicals. | |
| 650 | 6 | |a Arts graphiques |v Périodiques. | |
| 650 | 7 | |a Graphic arts. |2 fast |0 (OCoLC)fst00946595 | |
| 650 | 1 | 7 | |a Grafische vormgeving. |2 gtt |
| 655 | 0 | |a Electronic journals. | |
| 770 | 0 | |t Eye image portfolio . |w (DLC) 2011252062 |w (OCoLC)213356410 | |
| 853 | 2 | 0 | |8 1 |a v |b no. |u 4 |v c |i (year) |j (season) |w q |
| 856 | 4 | 0 | |z Full text available from Research Library: 12/01/2008 to 01/31/2016 |u https://search.proquest.com/publication/52917 |
| 863 | 4 | 1 | |8 1.1 |a <14> |b <55> |i <2005> |j <21> |